| Tag |
First Indicator |
Second Indicator |
Subfields |
| LEADER |
00000pam a2200000 a 4500 |
| 001 |
in00000532521 |
| 005 |
20151013170239.0 |
| 008 |
831125s1984 nyuaf b 00010 eng |
| 010 |
|
|
|a 83023571
|
| 020 |
|
|
|a 0834801914
|
| 035 |
|
|
|a (OCoLC)10207927
|
| 035 |
|
|
|9 ACH0910AM
|
| 039 |
0 |
|
|a 2
|b 3
|c 3
|d 3
|e 3
|
| 040 |
|
|
|a DLC
|c DLC
|d TXA
|d UtOrBLW
|
| 041 |
1 |
|
|a eng
|h jpn
|
| 043 |
|
|
|a a-ja---
|
| 049 |
|
|
|a TXAM
|c [954987]
|
| 050 |
0 |
0 |
|a SB413.A9
|b I8513 1984
|
| 082 |
0 |
|
|a 635.9/3362
|2 19
|
| 100 |
1 |
|
|a Itō, Ihē,
|d active 17th century.
|
| 240 |
1 |
0 |
|a Kinshū makura.
|l English
|
| 245 |
1 |
2 |
|a A brocade pillow :
|b azaleas of old Japan /
|c Ito Ihei ; with an introduction and commentary by John L. Creech ; translation by Kaname Kato.
|
| 250 |
|
|
|a 1st ed.
|
| 264 |
|
1 |
|a New York :
|b Weatherhill,
|c 1984.
|
| 300 |
|
|
|a xxii, 161 pages, 8 unnumbered pages of plates :
|b illustrations (some color) ;
|c 24 cm.
|
| 336 |
|
|
|a text
|b txt
|2 rdacontent
|
| 337 |
|
|
|a unmediated
|b n
|2 rdamedia
|
| 338 |
|
|
|a volume
|b nc
|2 rdacarrier
|
| 500 |
|
|
|a Translation of: Kinshu makura.
|
| 504 |
|
|
|a Bibliography: page 161.
|
| 650 |
|
0 |
|a Azaleas
|z Japan
|x Early works to 1800.
|
| 650 |
|
0 |
|a Azaleas
|z Japan
|x Varieties
|x Early works to 1800.
|
| 650 |
|
0 |
|a Azaleas
|x Varieties
|x Early works to 1800.
|
| 700 |
1 |
|
|a Creech, John L.
|
| 999 |
|
|
|a MARS
|
| 999 |
f |
f |
|s c72344f4-9f4d-32e2-9d95-cbb74fbf9a55
|i 4d145da4-3030-32ba-bcc0-bcd98c46acb0
|t 0
|
| 952 |
f |
f |
|p ric
|a Texas A&M University
|b Rellis Campus
|c Joint Library Facility
|d Remote Storage
|t 0
|e SB413.A9 I8513 1984
|h Library of Congress classification
|i unmediated -- volume
|m A14808773874
|
| 998 |
f |
f |
|a SB413.A9 I8513 1984
|t 0
|l Remote Storage
|